| 000 | 01107nam a22003257a 4500 | ||
|---|---|---|---|
| 003 | CHAP | ||
| 005 | 20240409124323.0 | ||
| 008 | 971013s1988 r 00010 d | ||
| 010 | _a49809 | ||
| 011 | _a50781 | ||
| 035 | _a54931 | ||
| 040 | _cCHAP | ||
| 090 | _aTesis | ||
| 100 | 1 | 0 |
_aVillanueva Verduzco, Clemente _9119524 |
| 245 | _aRespuesta a la selección masal visula estratificada rotativa e. in situ en la variedad de maíz Zacatecas 58 | ||
| 260 |
_aChapingo, Méx. : _bEl autor, _c1988 |
||
| 300 | _a102 h. | ||
| 502 | _aTesis (M.C. Esp. en Genética) -- CP. Centro de Genética | ||
| 590 |
_aALEPH _b10 _c20130110 _lUCH01 _h1323 |
||
| 590 |
_aBATCH-UPD _b10 _c20130110 _lUCH01 _h0852 |
||
| 590 |
_aBATCH-UPD _b10 _c20130410 _lUCH01 _h0523 |
||
| 590 |
_aBATCH-UPD _b10 _c20130914 _lUCH01 _h1752 |
||
| 590 |
_aCONVERSION _b10 _c20130109 _lUCH01 _h1327 |
||
| 650 | 1 | 4 |
_aMaíz _xSelección masal. _971058 |
| 650 | 1 | 4 |
_aMaíz _xVariedades. _971081 |
| 901 | _aBK | ||
| 942 | _cFOLL | ||
| 949 |
_bBC _cTES _d-120883 _eLIBRO _h20610 _i54931 _si |
||
| 949 |
_bBC _cTES _d33724000692281 _eTS2 _fc.2 _h20611 _i54931 _si |
||
| 999 |
_c49809 _d49809 |
||